000 01361cab a2200193 4500
001 ABS36838
008 090401t1986 xxu||||| |||| 00| 0 eng d
035 _a(Sirsi) u584
041 _aeng
245 _aKnibb and Knibb v National Coal Board
260 _c1986
350 _a0
490 _aRating & Valuation Reporter
_v26(6) August 1986,123-128(6)
520 _aCA 11 July 1986. An appeal from an LT decision awarding compensation for subsidence damage to property. The claimants had sought interest and this was allowed on the sum from the date when the National Coal Board (NCB) accepted liability to pay the depreciation in market-value basis. The claimants and the NCB appealed. The claimants contended that the interest should have been calculated from when the damage first occured, not the date when the NCB accepted the claim. The NCB challenged the LT`s power to award interest on unpaid compensation. CA upheld the decision of the Lands Tribunal. The Lands Tribunal did have the power to award interest on compensation for mining subsidence , but had erred in calculating the date from which the interest should have accrued. NCB`s appeal dismissed.
650 _aCOAL MINING SUBSIDENCE ACT 1957
690 _aENVIRONMENTAL AND LAND CONSULTANCY-PLANNING AND DEVELOPMENT-COMPULSORY PURCHASE AND COMPENSATION
942 _n0
948 _c04/03/1997
999 _c282
_d282